| 000 | 00555nam a2200169Ia 4500 | ||
|---|---|---|---|
| 008 | 090711s9999 xx 000 0 und d | ||
| 082 | _b31443 | ||
| 100 | _aखांडेकर वि. स. | ||
| 245 | _aरिकामा देव्हारा | ||
| 260 |
_bदा.ना.मोघे _c1961 |
||
| 300 | _a152 | ||
| 600 | _aखांडेकर वि. स. | ||
| 630 | _aरिकामा देव्हारा | ||
| 700 | _aखांडेकर वि. स. | ||
| 730 | _aरिकामा देव्हारा | ||
| 942 | _cBOOK | ||
| 999 |
_c330031 _d330031 |
||